01184nam a2200265 a 450000100100000000500170001000800410002702000170006804000130008508200200009810000540011824500670017226000550023930000280029449000270032250000620034965000350041165000370044683000320048304900090051595201230052495201280064795201280077599900150090300000292920200929150304.0090706s2008 pr a 000 0 spa d z978994545590 aDO-SdBNP aPR863.44bM738d1 aMonclova Vázquez, Héctor Iván,d1964-9930713aEl dragón de la playa /cHéctor Iván Monclova Vázquez. aPuerto Rico :aSanto Domingo :bIsla Negra,c2008. a130 p. :bil. ;c22 cm.0 aEl rostro y la mascara aIncluye datos biográficos del autor en la contraportada 4aCuentos puertorriqueños9249 4aLiteratura puertorriqueña9250 0aEl rostro y la mascara9251 aBNGR 001054708MOaGRbGRcHDd2009-07-06iLF1l0oPR863.44 M738dp2929-10r2020-06-25w2020-06-25y4ZPréstamo en sala 001053728MOaGRbGRcHDd2009-07-06iLF1l0oPR863.44 M738dp2929-20r2020-06-25te.2w2020-06-25y4ZPréstamo en sala 001054708MOaGRbGRcHDd2009-07-06iLF1l0oPR863.44 M738dp2929-30r2020-06-25te.3w2020-06-25y4ZPréstamo en sala c2762d2762